000 01299cam a22003134a 4500
001 12357732
003 OSt
005 20240412120320.0
008 010326s2001 gw a b 000 0 eng
010 _a 2001020974
020 _a3540417443 (pbk. : alk. paper)
040 _aDLC
_cDLC
_dDLC
042 _apcc
050 0 0 _aT57.74
_b.A44 2001
082 0 0 _a519. ALE 2001
100 1 _aAlevras, Dimitris; Padberg, Manfred. W.
_915841
245 1 0 _aLinear Optimization and Extensions:
_bproblems and solutions
260 _aBerlin ;
_bSpringer,
_c2001.
300 _aix, 449 p. :
_bill. ;
_c25 cm.
490 0 _aUniversitext
504 _aIncludes bibliographical references (p. 429-443) and index.
650 0 _aLinear programming
_915842
650 0 _aMathematical optimization
_915843
856 4 2 _3Publisher description
_uhttp://www.loc.gov/catdir/enhancements/fy0816/2001020974-d.html
856 4 1 _3Table of contents only
_uhttp://www.loc.gov/catdir/enhancements/fy0816/2001020974-t.html
906 _a7
_bcbc
_corignew
_d1
_eocip
_f20
_gy-gencatlg
942 _2ddc
_cO_SHELF
999 _c7772
_d7772